Manned Mars explorer project : guidelines for a manned mission to the vicinity of Mars using Phobos as a staging outpost; schematic vehicle designs considering chemical and nuclear electric propulsion /

Bibliographic Details
Main Author: Nolan, Sean
Corporate Authors: University of Houston. College of Architecture, Saskawa International Center for Space Architecture
Other Authors: Neubek, Deb, Baxmann, C. J.
Format: Microform Book
Language:English
Published: Houston, Tex. : University of Houston, SICSA, 1988.
Series:Advanced Design Program (Series) ; no. 198.
Subjects:

MARC

Tag First Indicator Second Indicator Subfields
LEADER 00000cam a2200000 a 4500
001 in00001005083
005 20150927222118.0
007 he bm||||b|||
008 910710r19881988txua b 00010 eng d
035 |a (OCoLC)24046001 
035 |9 AFD9338AM 
040 |a FTU  |c FTU  |d TXA  |d UtOrBLW 
049 |a TXAI 
099 |a fiche  |a S  |a 934  |a no. 198 
100 1 |a Nolan, Sean. 
245 1 0 |a Manned Mars explorer project :  |b guidelines for a manned mission to the vicinity of Mars using Phobos as a staging outpost; schematic vehicle designs considering chemical and nuclear electric propulsion /  |c [Sean Nolan, Deb Neubek, C.J. Baxmann]. 
264 1 |a Houston, Tex. :  |b University of Houston, SICSA,  |c 1988. 
300 |a 1 volume (various pagings) :  |b illustrations 
336 |a text  |b txt  |2 rdacontent 
337 |a microform  |b h  |2 rdamedia 
338 |a microfiche  |b he  |2 rdacarrier 
500 |a "16 May 1988." 
504 |a Bibliography: pages 51-55. 
533 |a Microfiche.  |b Houston, TX :  |c Dataplex Information Services,  |d  1988.  |e 1 microfiche : negative ; 11 x 15 cm.  |f (Advanced Design Program, no. 198) 
500 |a Microform. 
651 0 |a Mars (Planet)  |x Exploration. 
650 0 |a Space vehicles  |x Design and construction. 
650 0 |a Space vehicles  |x Propulsion systems  |x Design and construction. 
651 0 |a Phobos (Satellite) 
700 1 |a Neubek, Deb. 
700 1 |a Baxmann, C. J. 
710 2 |a University of Houston.  |b College of Architecture. 
710 2 |a Saskawa International Center for Space Architecture. 
830 0 |a Advanced Design Program (Series) ;  |v no. 198. 
999 |a MARS 
999 f f |s 6ea2002f-dc87-393b-afb8-fdb42f7503f4  |i f282ce1b-4042-39a9-bf5a-e17a54e7109f  |t 0 
952 f f |p default  |a Texas A&M University  |b College Station  |c Sterling C. Evans Library  |d Evans: Microforms (3rd floor)  |t 0  |e fiche S 934 no. 198  |h Other scheme  |i microform -- microfiche 
998 f f |a fiche S 934 no. 198  |t 0  |l Evans: Microforms (3rd floor)